Normal view
MARC view
Entry Topical Term
001 - CONTROL NUMBER
- control field: 8111
003 - CONTROL NUMBER IDENTIFIER
- control field: dpl
005 - DATE AND TIME OF LATEST TRANSACTION
- control field: 20100806164137.0
008 - FIXED-LENGTH DATA ELEMENTS
- fixed length control field: 100806|||a|||||| | ||| d
040 ## - CATALOGING SOURCE
- Original cataloging agency: dpl
- Transcribing agency: dpl
150 ## - HEADING--TOPICAL TERM
- Topical term or geographic name as entry element: Legal Polycentricity
- Geographic subdivision: South Asia
670 ## - SOURCE DATA FOUND
- Source citation: Work cat.: (dpl): Manchanda, Rita 8110, The no nonsence guide to minority rights in South Asia /, 2009
670 ## - SOURCE DATA FOUND
- Source citation: Work cat.: (dpl): Manchanda, Rita 8110, The no nonsence guide to minority rights in South Asia /, 2009
